[Event "Michigan Action"]
[Site "Detroit, MI"]
[Date "2000.12.16"]
[Round "4.11"]
[White "Feller, Brad"]
[Black "Raugh, Walter"]
[Result "1/2-1/2"]
[WhiteElo "902"]
[BlackElo "1425"]
[PlyCount "91"]
[EventDate "2000.12.16"]

1. c4 e5 2. a3 a5 3. Nf3 Nc6 4. Nc3 Nf6 5. d3 Bc5 6. Bg5 O-O 7. g3 h6 8. Bxf6
Qxf6 9. Ne4 Qe7 10. Bg2 f5 11. Nc3 e4 12. dxe4 fxe4 13. Nd5 Bxf2+ 14. Kxf2 Qc5+
15. Ke1 exf3 16. Bxf3 Ne5 17. Nc3 Nxf3+ 18. exf3 Qe3+ 19. Qe2 Qxf3 20. Qxf3
Rxf3 21. Nd5 c6 22. Nb6 Rb8 23. Ke2 Rf6 24. Kd3 d6 25. Rae1 Re6 26. Nxc8 Rxe1
27. Rxe1 Rxc8 28. Re7 Rf8 29. Rxb7 Rf2 30. Rb6 Rxh2 31. Rxc6 Rxb2 32. Kc3 Rg2
33. Rxd6 Rxg3+ 34. Kb2 Rg2+ 35. Kb3 h5 36. c5 Rg1 37. Rd5 h4 38. Rh5 Rc1 39.
Ka4 h3 40. Kxa5 h2 41. Rxh2 Rxc5+ 42. Kb6 Re5 43. a4 g5 44. a5 g4 45. a6 Re7
46. Rg2 {End of scoresheet.} 1/2-1/2

[Event "Michigan Action"]
[Site "Detroit, MI"]
[Date "2000.12.16"]
[Round "2.14"]
[White "Feller, Brad"]
[Black "Babka, Jay"]
[Result "1/2-1/2"]
[WhiteElo "902"]
[BlackElo "1718"]
[PlyCount "58"]
[EventDate "2000.12.16"]

1. c4 e5 2. Nc3 Bb4 3. Ne4 f5 4. Ng3 Ne7 5. b3 d6 6. Bb2 Nd7 7. Nf3 Nf6 8. a3
Ba5 9. b4 Bb6 10. e3 O-O 11. d4 e4 12. Nd2 c6 13. Nb3 a5 14. c5 dxc5 15. dxc5
Qxd1+ 16. Rxd1 Bc7 17. Bc4+ Kh8 18. Nd4 axb4 19. axb4 Ng4 20. Ne6 Bxe6 21. Bxe6
Ne5 22. Nh5 N7g6 23. O-O Rfe8 24. Bb3 Re7 25. Ra1 Rd8 26. Rad1 Nd3 27. Ba1 Be5
28. Bxe5 Ngxe5 29. Nf4 Ra8 {End of scoresheets} 1/2-1/2

[Event "Michigan Women's"]
[Site "Detroit, MI"]
[Date "2000.12.16"]
[Round "4.3"]
[White "Dyer, Rosanna"]
[Black "Trice, Shevonne"]
[Result "1-0"]
[WhiteElo "745"]
[BlackElo "1004"]
[PlyCount "177"]
[EventDate "2000.12.16"]

1. e4 e5 2. Nf3 Nc6 3. Nc3 Nf6 4. Bb5 Bc5 5. h3 O-O 6. Bxc6 bxc6 7. Nxe5 Bd4 8.
Nf3 Bxc3 9. bxc3 Nxe4 10. Qe2 Nd6 11. O-O c5 12. Rb1 Re8 13. Ne5 Bb7 14. f3 f6
15. Rxb7 Rxe5 16. Qa6 Nxb7 17. Qxb7 Qe8 18. Qb3+ d5 19. d4 Rb8 20. Qa3 Re1 21.
Bd2 Rxf1+ 22. Kxf1 Qe7 23. Qxa7 Re8 24. Qa6 c4 25. Kg1 Qe2 26. Qc6 Kf8 27. Qc5+
Re7 28. Bf4 Qe1+ 29. Kh2 Qxc3 30. Bxc7 Qe3 31. Bd6 g5 32. Bxe7+ Qxe7 33. Qxd5
Qc7+ 34. g3 h5 35. Kg2 c3 36. Qa8+ Kg7 37. a4 h4 38. gxh4 gxh4 39. a5 Qg3+ 40.
Kf1 Qxh3+ 41. Kf2 Qg3+ 42. Ke2 Qg2+ 43. Kd3 Qd2+ 44. Kc4 Qe2+ 45. Kxc3 h3 46.
Qb7+ Kf8 47. a6 h2 48. a7 Qe1+ 49. Kc4 Qe6+ 50. d5 Qe2+ 51. Kb4 Qe7+ 52. Qxe7+
Kxe7 53. a8=Q h1=Q 54. Qb7+ Kf8 55. Qc8+ Kg7 56. Qg4+ Kf7 57. Qe6+ Kg6 58. Qe4+
Kf7 59. d6 Qb1+ 60. Kc3 Qa1+ 61. Kd2 Qe5 62. Qh7+ Ke6 63. d7 Qd5+ 64. Ke3 Qxd7
65. Qxd7+ Kxd7 66. c4 Kc6 67. Kd4 f5 68. f4 Kd6 69. c5+ Kc6 70. Ke5 Kxc5 71.
Kxf5 Kd6 72. Kg5 Ke6 73. f5+ Kf7 74. f6 Kf8 75. Kg6 Kg8 76. Kf5 Kf8 77. Ke6 Kg8
78. f7+ Kg7 79. Ke7 Kh8 80. f8=Q+ Kh7 81. Qf7+ Kh8 82. Qf2 Kh7 83. Kf7 Kh6 84.
Kf6 Kh5 85. Qg2 Kh4 86. Qg5+ Kh3 87. Kf5 Kh2 88. Kf4 Kh3 89. Qg3# 1-0

[Event "Michigan Women's"]
[Site "Detroit, MI"]
[Date "2000.12.16"]
[Round "2.4"]
[White "Dyer, Rosanna"]
[Black "Drew, Sha'Toirea"]
[Result "1-0"]
[WhiteElo "745"]
[BlackElo "634"]
[Annotator "Jeff Aldrich"]
[PlyCount "33"]
[EventDate "2000.12.16"]

{Irregular King's Knight: Damiano} 1. e4 e5 2. Nf3 f6 $6 {They are much better
way to protect the pawn.} 3. Nc3 Bc5 4. Be2 Nh6 5. h3 Qe7 6. O-O Qf7 7. d3 Qg6
{Three queen moves in a row. It is way too early for a maneuvre like this.
Developing the queen-side should now be a priority.} 8. Nh4 Qf7 9. Bxh6 gxh6
10. Bh5 Rf8 11. Bxf7+ Rxf7 12. Qh5 Nc6 13. Nf5 Nb4 14. Nxh6 Nxc2 15. Qxf7+ Kd8
16. Qg8+ Bf8 17. Qxf8# 1-0

[Event "Michigan Women's"]
[Site "Detroit, MI"]
[Date "2000.12.16"]
[Round "1.6"]
[White "Drew, Sha'Toirea"]
[Black "Sturdivant, Ashley"]
[Result "0-1"]
[WhiteElo "634"]
[BlackElo "888"]
[PlyCount "44"]
[EventDate "2000.12.16"]

1. e4 e5 2. Nf3 Nc6 3. Nc3 Bc5 4. Bc4 h6 5. O-O Nf6 6. Nh4 Nxe4 7. Nxe4 Qxh4 8.
Bd3 Qe7 9. b3 O-O 10. Bb2 d5 11. Nc3 Qg5 12. Nxd5 Bh3 13. Be4 Rac8 14. Qf3 f5
15. Qxh3 fxe4 16. d3 Bxf2+ 17. Rxf2 Rxf2 18. Kxf2 Rf8+ 19. Kg1 Qd2 20. Rc1 Qf2+
21. Kh1 Qf1+ 22. Rxf1 Rxf1# 0-1

[Event "Michigan Women's"]
[Site "Detroit, MI"]
[Date "2000.12.16"]
[Round "4.5"]
[White "Drew, Sha'Toirea"]
[Black "Nichols, Glenda"]
[Result "1-0"]
[WhiteElo "634"]
[BlackElo "681"]
[PlyCount "43"]
[EventDate "2000.12.16"]

1. e4 e5 2. Nf3 Nc6 3. d3 Nf6 4. d4 d6 5. d5 Na5 6. Bd3 c6 7. dxc6 bxc6 8. Bd2
d5 9. Qe2 Qb6 10. O-O Qxb2 11. Nc3 Qa3 12. Bc1 Qb4 13. Bd2 Qb6 14. Nxe5 Bd6 15.
Rab1 Bg4 16. Nxg4 Qd8 17. Nxf6+ Qxf6 18. exd5+ Be7 19. dxc6 Nxc6 20. Nb5 O-O
21. Qe4 Rac8 22. Qxh7# 1-0

[Event "Michigan Women's"]
[Site "Detroit, MI"]
[Date "2000.12.16"]
[Round "2.1"]
[White "Cottrell, Kelly"]
[Black "Skidmore, Jennifer"]
[Result "0-1"]
[WhiteElo "965"]
[BlackElo "1924"]
[PlyCount "92"]
[EventDate "2000.12.16"]

1. e4 e5 2. Nf3 Nc6 3. Nc3 d6 4. Bb5 Bd7 5. d3 Nf6 6. Bg5 Be7 7. O-O O-O 8. a3
Bg4 9. Bxc6 bxc6 10. Qe2 Rb8 11. Rab1 Re8 12. Qe3 Qc8 13. Nd2 Bh5 14. Nb3 Ng4
15. Qh3 Bxg5 16. Qxh5 Bf4 17. g3 Bh6 18. Qh3 f5 19. Rbe1 Rf8 20. exf5 Qxf5 21.
f3 Ne3 22. Qxf5 Rxf5 23. g4 Rff8 24. Rf2 Nxc2 25. Rxc2 Rxb3 26. Kg2 Bf4 27. Rd1
Rfb8 28. Na4 c5 29. Kh3 Be3 30. Nc3 c6 31. Ne4 Rd8 32. Ng3 Bd4 33. Nf5 Rdb8 34.
Nxd6 Rxb2 35. Rxb2 Rxb2 36. Nc4 Rf2 37. Kg3 Rc2 38. Kh3 Kf8 39. Rf1 Rc3 40. Rd1
Ke7 41. Kg3 Ke6 42. g5 Rc2 43. Nd2 Be3 44. Nc4 Bxg5 45. Kh3 Bf4 46. Rh1 Kd5 {
End of Scoresheets.} 0-1

[Event "Michigan Action"]
[Site "Detroit, MI"]
[Date "2000.12.16"]
[Round "1.7"]
[White "Cook, John"]
[Black "al-Shareef, Robert"]
[Result "0-1"]
[WhiteElo "1004"]
[BlackElo "1841"]
[PlyCount "34"]
[EventDate "2000.12.16"]

1. c4 Nf6 2. g3 g6 3. Bg2 Bg7 4. Nc3 O-O 5. d3 c6 6. Nf3 d5 7. O-O Nbd7 8. Rb1
dxc4 9. dxc4 Qc7 10. b4 e5 11. a4 Nb6 12. Nd2 Be6 13. c5 Nc4 14. Nde4 Rad8 15.
Qc2 Nxe4 16. Nxe4 h6 17. f4 Ne3 {Cannot decipher remainder of scoresheet.} 0-1

[Event "Michigan Action"]
[Site "Detroit, MI"]
[Date "2000.12.16"]
[Round "5.12"]
[White "Cook, John"]
[Black "Imai, Toshio"]
[Result "0-1"]
[WhiteElo "1004"]
[BlackElo "1419"]
[PlyCount "54"]
[EventDate "2000.12.16"]

1. c4 Nf6 2. g3 d5 3. cxd5 Qxd5 4. Nf3 e5 5. d3 e4 6. Nc3 Bb4 7. Nd2 Bxc3 8.
bxc3 exd3 9. f3 dxe2 10. Bxe2 Bh3 11. Qc2 O-O 12. Qb3 Qc6 13. Bb2 Na6 14. c4
Rfe8 15. Kf2 Qc5+ 16. Ke1 Rad8 17. Bxf6 gxf6 18. Rd1 Qe5 19. Ne4 Nc5 20. Rxd8
Rxd8 21. Qc2 f5 22. Ng5 Qa1+ 23. Bd1 Qe5+ 24. Kf2 Qd4+ 25. Ke1 Nd3+ 26. Ke2
Re8+ 27. Kd2 Nb4+ 0-1

[Event "Michigan Action"]
[Site "Detroit, MI"]
[Date "2000.12.16"]
[Round "3.12"]
[White "Cook, John"]
[Black "Hayley, Robert"]
[Result "0-1"]
[WhiteElo "1004"]
[BlackElo "1456"]
[PlyCount "45"]
[EventDate "2000.12.16"]

1. c4 g6 2. g3 Bg7 3. Bg2 e5 4. Nc3 d6 5. b3 Nf6 6. Bb2 O-O 7. e3 c6 8. Nge2
Be6 9. d3 Na6 10. O-O Rb8 11. f4 Ng4 12. Qd2 exf4 13. Nxf4 Re8 14. e4 Qb6+ 15.
Kh1 Ne3 16. Rfe1 Nxg2 17. Kxg2 Bd7 18. Na4 Qd8 19. Bxg7 Kxg7 20. Rf1 c5 21. Nc3
Bc6 22. Nfd5 Nc7 23. Qb2 {Could not decipher remainder of game.} 0-1

[Event "Michigan Action"]
[Site "Detroit, MI"]
[Date "2000.12.16"]
[Round "5.20"]
[White "Collins, Michael"]
[Black "James, Kim"]
[Result "1-0"]
[WhiteElo "871"]
[BlackElo "617"]
[PlyCount "33"]
[EventDate "2000.12.16"]

1. e4 e5 2. Nf3 Nf6 3. Nxe5 Bd6 4. Nf3 Nc6 5. Nc3 O-O 6. Bc4 Qe7 7. d3 a6 8.
Bg5 h6 9. Bh4 b5 10. Bb3 Be5 11. Nd5 Nxd5 12. Bxe7 Ncxe7 13. Nxe5 f6 14. exd5
Bb7 15. d6+ Bd5 16. dxe7 Rfe8 17. Bxd5+ 1-0

[Event "Michigan Action"]
[Site "Detroit, MI"]
[Date "2000.12.16"]
[Round "6.16"]
[White "Collins, Michael"]
[Black "Hartsfield, Jonathan"]
[Result "1-0"]
[WhiteElo "871"]
[BlackElo "1096"]
[PlyCount "70"]
[EventDate "2000.12.16"]

1. e4 c5 2. Nf3 e6 3. d4 cxd4 4. Nxd4 Nc6 5. Nc3 d6 6. Be3 Nf6 7. f3 Qc7 8. Be2
Be7 9. Qd2 b6 10. Bb5 Bb7 11. a3 O-O 12. Nxc6 Bxc6 13. O-O Rfd8 14. Qf2 Rdb8
15. Rad1 a6 16. Bxc6 Qxc6 17. Na2 Rc8 18. Nb4 Qb5 19. c3 a5 20. Nd3 d5 21. e5
Nd7 22. Qg3 f6 23. Bh6 g6 24. exf6 Nxf6 25. Rfe1 Qd7 26. Ne5 Qd6 27. Nxg6 Qxg3
28. Nxe7+ Kf7 29. hxg3 Kxe7 30. Bg5 Rd8 31. Rc1 Re8 32. Bxf6+ Kxf6 33. Kf2 h5
34. Rh1 Kg6 35. Rb1 Rac8 {Next move on both scoresheets is Re3?} 1-0

[Event "Michigan Action"]
[Site "Detroit, MI"]
[Date "2000.12.16"]
[Round "2.15"]
[White "Collins, Michael"]
[Black "Almasy, Roy"]
[Result "0-1"]
[WhiteElo "871"]
[BlackElo "1141"]
[PlyCount "46"]
[EventDate "2000.12.16"]

1. e4 e5 2. Nf3 Nc6 3. Bc4 Bc5 4. O-O Nf6 5. c3 d6 6. d3 Bg4 7. Nbd2 O-O 8. b4
Bb6 9. Qb3 Ne7 10. a4 a6 11. Re1 Ng6 12. Ng5 Qe8 13. Bb2 h6 14. Ngf3 c6 15. d4
d5 16. exd5 cxd5 17. Bxd5 Bxf3 18. Bxf3 Qe7 19. dxe5 Nxe5 20. Bd1 Bxf2+ 21.
Kxf2 Nd3+ 22. Kg3 Qxe1+ 23. Kh3 Nf4# 0-1

[Event "Michigan Action"]
[Site "Detroit, MI"]
[Date "2000.12.16"]
[Round "6.24"]
[White "Collins, Devontia"]
[Black "Haugabook, Rashad"]
[Result "1-0"]
[WhiteElo "764"]
[BlackElo "708"]
[PlyCount "25"]
[EventDate "2000.12.16"]

1. e4 e5 2. Nf3 Nf6 3. Nc3 Bc5 4. Be2 Nc6 5. Bc4 O-O 6. O-O Re8 7. d3 Qe7 8.
Nd5 Qd6 9. Nxf6+ gxf6 10. Bh6 b6 11. Nd4 Nxd4 12. Qg4+ Kh8 13. Qg7# 1-0

[Event "Michigan Action"]
[Site "Detroit, MI"]
[Date "2000.12.16"]
[Round "2.20"]
[White "Collins, Devontia"]
[Black "Cook, John"]
[Result "0-1"]
[WhiteElo "764"]
[BlackElo "1004"]
[PlyCount "56"]
[EventDate "2000.12.16"]

1. e4 g6 2. Nf3 Bg7 3. d4 d6 4. Bc4 Bg4 5. Nbd2 Nf6 6. O-O O-O 7. Qe2 e6 8. e5
dxe5 9. dxe5 Nfd7 10. Bd3 Nxe5 11. Be4 Nxf3+ 12. Nxf3 c6 13. Qe3 f5 14. Bd3 Qe7
15. Be2 Bxf3 16. Bxf3 e5 17. b4 e4 18. Rb1 Re8 19. Be2 b5 20. a4 a6 21. axb5
axb5 22. c4 Ra1 23. Rxa1 Bxa1 24. Ba3 Be5 25. cxb5 f4 26. Qxe4 f3 27. Qxf3 Rf8
28. Qe4 Bxh2+ {End of scoresheets.} 0-1

[Event "Michigan Action"]
[Site "Detroit, MI"]
[Date "2000.12.16"]
[Round "4.24"]
[White "Collins, Devontia"]
[Black "Collins, Michael"]
[Result "0-1"]
[WhiteElo "764"]
[BlackElo "871"]
[PlyCount "78"]
[EventDate "2000.12.16"]

1. e4 e5 2. Nf3 d6 3. d4 Nd7 4. Be3 Be7 5. Bc4 c6 6. O-O Ngf6 7. dxe5 Nxe5 8.
Nxe5 dxe5 9. Qxd8+ Bxd8 10. Nc3 Ba5 11. Bg5 Nd7 12. Ne2 Nc5 13. b3 Nxe4 14. Bh4
Nd2 15. Rad1 Nxf1 16. Rd8+ Bxd8 17. Bxd8 Kxd8 18. Kxf1 f6 19. Ng3 b5 20. Bd3
Bb7 21. Ne4 Kc7 22. Nc5 h6 23. Ne6+ Kd6 24. Nxg7 c5 25. Nf5+ Kc6 26. Ne7+ Kb6
27. Nf5 Rhg8 28. g3 h5 29. c4 bxc4 30. Bxc4 Rh8 31. Nd6 Ba6 32. Ne4 Bxc4+ 33.
bxc4 f5 34. Nd6 f4 35. gxf4 exf4 36. Ne4 f3 37. a4 Rhe8 38. Nf6 Red8 39. Nxh5
Rd1# 0-1

[Event "Michigan Women's"]
[Site "Detroit, MI"]
[Date "2000.12.16"]
[Round "4.6"]
[White "Coleman, Keyanna"]
[Black "Haugabook, Rashida"]
[Result "1-0"]
[WhiteElo "573"]
[BlackElo "454"]
[PlyCount "23"]
[EventDate "2000.12.16"]

1. e4 e5 2. Bc4 Nf6 3. d3 Bb4+ 4. Nd2 O-O 5. Ngf3 Nc6 6. O-O Bc5 7. Ng5 h6 8.
Nxf7 Rxf7 9. Bxf7+ Kxf7 {White played f4 here & then moved the king out of
check.} 10. Kh1 d6 11. f4 {White's 9th and 10th moves are tranposed.} Nh5 12.
fxe5+ {Moves are missing.} 1-0

[Event "Michigan Women's"]
[Site "Detroit, MI"]
[Date "2000.12.16"]
[Round "3.6"]
[White "Coleman, Keyanna"]
[Black "Drew, Sha'Toirea"]
[Result "0-1"]
[WhiteElo "573"]
[BlackElo "634"]
[PlyCount "34"]
[EventDate "2000.12.16"]

1. e4 e5 2. Bc4 Nc6 3. d3 Nd4 4. Qh5 Nh6 5. Bxh6 Qe7 6. Bg5 g6 7. Qh4 Qb4+ 8.
c3 Qxb2 9. Bf6 Qxa1 10. Bxh8 Qxb1+ 11. Kd2 Qb2+ 12. Ke3 Qxc3 13. Bxe5 Be7 14.
Qxh7 Qe1+ 15. Kf4 Qxf2+ 16. Kg4 d6+ 17. Be6 Bxe6# 0-1

[Event "Michigan Women's"]
[Site "Detroit, MI"]
[Date "2000.12.16"]
[Round "1.4"]
[White "Coleman, Keyanna"]
[Black "Cottrell, Kelly"]
[Result "0-1"]
[WhiteElo "573"]
[BlackElo "965"]
[PlyCount "78"]
[EventDate "2000.12.16"]

1. e4 e5 2. Bc4 Nf6 3. d3 Nc6 4. Bg5 Be7 5. Nf3 h6 6. Bxf6 Bxf6 7. O-O O-O 8.
Nc3 d6 9. Nb5 Bg4 10. h3 Bh5 11. Rb1 a6 12. Nc3 Nd4 13. Nd5 Nxf3+ 14. gxf3 c6
15. Nxf6+ Qxf6 16. c3 Qg6+ 17. Kh1 Qf6 18. d4 Bxf3+ 19. Kh2 Bxd1 20. Rfxd1
Qxf2+ 21. Kh1 Qf3+ 22. Kh2 Qxe4 23. Bd3 Qf4+ 24. Kh1 Qf6 25. Rg1 Qf3+ 26. Kh2
Qxd3 27. h4 exd4 28. Rgf1 dxc3 29. bxc3 Rae8 30. Rbe1 Rxe1 31. Rxe1 Qd2+ 32.
Kg3 Qxe1+ 33. Kg2 Re8 34. Kf3 Qe4+ 35. Kg3 f5 36. Kf2 Qe3+ 37. Kg2 Qd3 38. h5
Re2+ 39. Kf1 Qd1# 0-1

[Event "Michigan Action"]
[Site "Detroit, MI"]
[Date "2000.12.16"]
[Round "1.17"]
[White "Coleman, Kareem"]
[Black "Gillom, Donte"]
[Result "0-1"]
[WhiteElo "808"]
[BlackElo "1499"]
[PlyCount "85"]
[EventDate "2000.12.16"]

1. e4 e6 2. d4 d5 3. e5 c5 4. Nf3 Nc6 5. Nc3 cxd4 6. Nxd4 Nxe5 7. Bb5+ Bd7 8.
Bxd7+ Qxd7 9. Bf4 Ng6 10. Bg3 Bb4 11. O-O Bxc3 12. bxc3 Nf6 13. a4 Ne4 14. Qd3
Nxg3 15. Qxg3 O-O 16. Qh3 Qe7 17. Rfe1 Qh4 18. Qxh4 Nxh4 19. g3 Ng6 20. a5 a6
21. Nb3 Rac8 22. Re3 Rc7 23. h4 Rfc8 24. h5 Ne7 25. Ra4 Rxc3 26. Rxc3 Rxc3 27.
Rg4 Rxc2 28. Rb4 Rc7 29. Nd4 h6 30. Nf3 f6 31. Nh4 Kf7 32. g4 e5 33. Kg2 d4 34.
Kf3 Nd5 35. Rb3 Ne7 36. Ke4 Nc6 37. Ra3 Rd7 38. Nf5 Nb4 39. f4 d3 40. Rb3 d2
41. Ne3 exf4 42. Kxf4 Nd3+ 43. Kf3 {Moves are missing from scoresheet.} 0-1

[Event "Michigan Action"]
[Site "Detroit, MI"]
[Date "2000.12.16"]
[Round "4.15"]
[White "Coleman, Kareem"]
[Black "Foord, Allan"]
[Result "1-0"]
[WhiteElo "808"]
[BlackElo "1500"]
[PlyCount "45"]
[EventDate "2000.12.16"]

1. e4 c5 2. Nf3 Nc6 3. Bc4 e6 4. Nc3 d6 5. d3 Nf6 6. O-O Be7 7. Bg5 a6 8. Re1
O-O 9. Bxf6 Bxf6 10. a3 b5 11. Ba2 Rb8 12. g3 b4 13. axb4 Rxb4 14. Qd2 Rxb2 15.
Rab1 Bxc3 16. Qxc3 Rxa2 17. e5 Nxe5 18. Nxe5 Qa5 19. Qxa5 Rxa5 20. Nc6 Ra2 21.
Rb8 Bd7 22. Ne7+ Kh8 23. Rxf8# 1-0

[Event "Michigan Action"]
[Site "Detroit, MI"]
[Date "2000.12.16"]
[Round "3.2"]
[White "Chobanyan, Sergei"]
[Black "West, Tony"]
[Result "1-0"]
[WhiteElo "2295"]
[BlackElo "1731"]
[PlyCount "53"]
[EventDate "2000.12.16"]

1. e4 c5 2. Nc3 Nc6 3. g3 Nf6 4. Bg2 g6 5. d3 Bg7 6. Be3 d6 7. h3 a6 8. Qd2 O-O
9. Bh6 Qb6 10. Bxg7 Kxg7 11. Rb1 Be6 12. Nge2 Qc7 13. O-O Rad8 14. f4 b5 15. f5
Bc8 16. Nf4 Ne5 17. g4 gxf5 18. g5 Nfd7 19. Ncd5 Qa7 20. Nxe7 fxe4 21. Nf5+ Kh8
22. dxe4 Rg8 23. Qxd6 Nc4 24. Qh6 Qb6 25. Qh4 Nd2 26. Nh6 Rg7 27. g6 {End of
scoresheets.} 1-0

[Event "Michigan Action"]
[Site "Detroit, MI"]
[Date "2000.12.16"]
[Round "5.1"]
[White "Chobanyan, Sergei"]
[Black "Finegold, Ben"]
[Result "0-1"]
[WhiteElo "2295"]
[BlackElo "2588"]
[Annotator "Jeff Aldrich"]
[PlyCount "56"]
[EventDate "2000.12.16"]

{Sicilian: Closed} 1. e4 c5 2. Nc3 Nc6 3. g3 g6 4. Bg2 Bg7 5. d3 d6 6. Be3 Qa5
{Coaxing the bishop away from the e3-square, which strenghtens black grip on
the d4-square.} 7. Bd2 e6 {Black isn't worried about the discovery because he
has not left any targets for the white knight.} 8. Nge2 Nge7 9. O-O O-O 10. Nd5
Qd8 11. Nxe7+ Qxe7 12. c3 b6 13. f4 Bb7 14. g4 f5 {Not giving white the
opportunity to play f5.} 15. Ng3 Kh8 16. gxf5 exf5 17. exf5 gxf5 18. Qh5 Qf6
19. Rae1 Qg6 20. Re2 Rf6 21. Rfe1 Raf8 22. Qh3 {I don't see why white doesn't
want to trade queens. His control of the e-file definitely give him a small
advantage.} Qf7 23. Qh5 Rg6 24. Qh4 Rg4 25. Qh3 Rg6 {DIAGRAM Setting him up. I
suspect that time had already become a factor.} 26. Kf2 $2 Rh6 {Just like that,
the queen is trapped. Best white can do is going down a piece.} 27. Qxf5 Qxf5
28. Nxf5 Rxf5 {That is all we have, but Sergei put a fight for quite a long
time after they stopped keeping score. In fact, this was the only game that
Ben was even close to time pressure.} 0-1

[Event "Michigan Action"]
[Site "Detroit, MI"]
[Date "2000.12.16"]
[Round "2.9"]
[White "Choate, Eric"]
[Black "West, Tony"]
[Result "0-1"]
[WhiteElo "1322"]
[BlackElo "1731"]
[PlyCount "76"]
[EventDate "2000.12.16"]

1. e4 c5 2. Nf3 Nc6 3. Bb5 g6 4. Bxc6 bxc6 5. d3 Bg7 6. c3 d5 7. O-O e6 8. e5
Ne7 9. Nbd2 Ba6 10. Nb3 Bxd3 11. Qxd3 c4 12. Qc2 cxb3 13. Qxb3 Qc7 14. Re1 c5
15. Qc2 Nc6 16. Bf4 O-O 17. Rad1 Rab8 18. b3 Rbd8 19. h3 a5 20. Bg3 Ra8 21. Bf4
a4 22. Rb1 axb3 23. Rxb3 Qa5 24. Rb2 d4 25. cxd4 Nxd4 26. Qd2 Nxf3+ 27. gxf3
Qa3 28. Re3 Qa7 29. Reb3 Rfd8 30. Qe2 Qc7 31. Rb7 Qc6 32. R7b6 Qa4 33. Qc2 Qxf4
34. R6b5 Bxe5 35. Rb1 Qh2+ 36. Kf1 Qxh3+ 37. Ke2 Bf4 38. Rd1 Qh5 0-1

[Event "Michigan Action"]
[Site "Detroit, MI"]
[Date "2000.12.16"]
[Round "4.5"]
[White "Choate, Eric"]
[Black "Skidmore, Mike"]
[Result "0-1"]
[WhiteElo "1322"]
[BlackElo "1831"]
[PlyCount "64"]
[EventDate "2000.12.16"]

1. e4 c6 2. d4 d5 3. e5 Bf5 4. Bd3 Bxd3 5. Qxd3 e6 6. Nf3 Nd7 7. O-O Qc7 8. c3
Ne7 9. Nbd2 c5 10. b3 Nc6 11. Bb2 Be7 12. Rfe1 O-O 13. h3 Qb6 14. Rac1 Rac8 15.
Nh2 cxd4 16. cxd4 Nb4 17. Qb1 Qa6 18. Rxc8 Rxc8 19. a3 Nd3 20. Re3 Nxb2 21.
Qxb2 Qxa3 22. Qxa3 Bxa3 23. Ng4 Rc1+ 24. Nf1 Bb2 25. Rd3 Nb8 26. Rg3 Bxd4 27.
Nf6+ Kh8 28. Ne8 Bxe5 29. Rg5 Nd7 30. f4 Bd4+ 31. Kh2 Bf6 32. Rg3 Rxf1 {End of
scoresheet.} 0-1

[Event "Michigan Women's"]
[Site "Detroit, MI"]
[Date "2000.12.16"]
[Round "2.2"]
[White "Chapman, Beatrice"]
[Black "Maldonado, Diana"]
[Result "1-0"]
[WhiteElo "1194"]
[BlackElo "896"]
[Annotator "Jeff Aldrich"]
[PlyCount "91"]
[EventDate "2000.12.16"]

{Scotch} 1. e4 e5 2. Nf3 Nc6 3. d4 Bd6 $2 {Not a good idea. It blocks in the
other bishop and leaves the e-pawn weak. White quickly takes a big space
advantage.} 4. d5 Nd4 5. Nxd4 exd4 6. Qxd4 f6 7. f4 Qe7 8. Bd3 c5 9. Qf2 Nh6
10. h3 O-O 11. O-O f5 $6 {Allowing White to eat up more space.} 12. e5 Bb8 13.
d6 Qe8 14. Nc3 a6 15. Qxc5 $2 {Missing the pin, but White still has all that
space as compensation.} Ba7 16. Qxa7 Rxa7 17. Be3 Ra8 18. Bb6 {With this,
black's queen bishop and rook are effectively out of the game.} a5 19. Nb5 Qg6
20. b3 a4 21. Nc7 Ra6 22. Nxa6 bxa6 23. Bc4+ Kh8 24. Bd5 axb3 25. cxb3 a5 $6 {
Sacrificing the pawn to activate the bishop. Seems like a good idea, but it
allows two connected passed pawns.} 26. Bxa5 Ba6 27. Rf2 Rc8 28. Bc7 Nf7 29. a4
{White understands that the key to winning lies in those two pawns and
immediately starts them rolling.} Nd8 30. b4 Bd3 31. b5 Be4 32. Rd2 Bxd5 33.
Rxd5 Ra8 34. a5 Qg3 35. b6 Qb3 36. Rdd1 Qb5 37. Rdb1 Qa6 38. Bxd8 Rxd8 39. b7
Rb8 40. Rb6 Qa7 $2 ({A better defense is} 40... Qc4) 41. Rc1 Re8 42. Rc8 h6 43.
Rxe8+ Kh7 44. b8=Q Qxa5 45. Rh8+ Kg6 46. Qe8# {A nice come-back victory
showing just how important it is to have room to move.} 1-0

[Event "Michigan Women's"]
[Site "Detroit, MI"]
[Date "2000.12.16"]
[Round "4.2"]
[White "Chapman, Beatrice"]
[Black "Cottrell, Kelly"]
[Result "1-0"]
[WhiteElo "1194"]
[BlackElo "965"]
[PlyCount "93"]
[EventDate "2000.12.16"]

1. e4 e5 2. Nf3 Nc6 3. d4 d6 4. d5 Nce7 5. Ng5 Ng6 6. Qf3 Nf6 7. Nc3 Bg4 8. Qd3
Be7 9. Nf3 O-O 10. h3 Bd7 11. Be2 c6 12. Nh2 cxd5 13. Nxd5 Nf4 14. Nxf4 exf4
15. Bxf4 Bc6 16. f3 Re8 17. O-O Nh5 18. Qd2 h6 19. Ng4 Bg5 20. Bxg5 hxg5 21.
Kh2 Qc7 22. Kg1 Qb6+ 23. Kh2 Qxb2 24. Qxg5 Nf6 25. Nxf6+ Qxf6 26. Qxf6 gxf6 27.
Bc4 a6 28. a4 Rad8 29. Rfd1 Re5 30. Bd5 Bxd5 31. exd5 Re2 32. c4 Rc2 33. Rdc1
Rd2 34. Rab1 Rb8 35. h4 Kg7 36. Kh3 f5 37. Rb6 Re8 38. Rxd6 Ree2 39. h5 Kf8 40.
Rf6 Ra2 41. Rxf5 Rxa4 42. c5 Ra5 43. Rb1 Rxc5 44. Rxb7 a5 45. Rfxf7+ Ke8 46.
Rh7 Rc8 47. Rh8# 1-0

[Event "Michigan Action"]
[Site "Detroit, MI"]
[Date "2000.12.16"]
[Round "5.7"]
[White "Babka, Jay"]
[Black "Raugh, Walter"]
[Result "1-0"]
[WhiteElo "1718"]
[BlackElo "1425"]
[PlyCount "62"]
[EventDate "2000.12.16"]

1. d4 Nf6 2. Nf3 g6 3. Bg5 Bg7 4. Nbd2 d5 5. e3 Bf5 6. c4 c6 7. Qb3 Qc7 8. Bxf6
Bxf6 9. cxd5 cxd5 10. Qxd5 O-O 11. Qb3 Nd7 12. Be2 Rfc8 13. Bc4 e6 14. O-O Nb6
15. Bd3 Bxd3 16. Qxd3 Nd5 17. Rfc1 Qxc1+ 18. Rxc1 Rxc1+ 19. Nf1 Rac8 20. a3 Ra1
21. N3d2 Rcc1 22. g3 Re1 23. Kg2 Red1 24. Qb5 Rac1 25. e4 Nc7 26. Qa4 Bg7 27.
Qb4 a6 28. Ne3 Bf8 29. Qa5 b6 30. Qg5 h6 31. Qf6 Rxd2 {End of scoresheets} 1-0

[Event "Michigan Action"]
[Site "Detroit, MI"]
[Date "2000.12.16"]
[Round "6.5"]
[White "Babka, Jay"]
[Black "Herreshoff, Matt"]
[Result "1-0"]
[WhiteElo "1718"]
[BlackElo "1684"]
[PlyCount "60"]
[EventDate "2000.12.16"]

1. d4 e6 2. Nf3 d5 3. c3 c5 4. Bg5 Be7 5. Bxe7 Qxe7 6. e3 Nf6 7. Nbd2 O-O 8.
Qc2 Nc6 9. Be2 Bd7 10. O-O Rfc8 11. Qd1 cxd4 12. exd4 Qd6 13. Bd3 e5 14. Nxe5
Nxe5 15. dxe5 Qxe5 16. Re1 Qd6 17. h3 d4 18. Ne4 Qb6 19. Nxf6+ Qxf6 20. cxd4
Qg5 21. Re3 Re8 22. Rg3 Qd5 23. b3 b5 24. Qd2 Rac8 25. Qh6 g6 26. Qf4 Kf8 27.
Rg5 Qc6 28. Bxb5 Qe6 29. Re5 Qb6 30. Bxd7 Qc7 {White won on Time} 1-0